The ecology of cyanobacteria : their diversity in time and space

Saved in:
Bibliographic Details
Other Authors: Whitton, B. A. (Editor), Potts, Malcolm
Format: Book
Language:English
Published: Dordrecht : Kluwer Academic, 2000
Subjects:
Tags: Add Tag
No Tags, Be the first to tag this record!

MARC

LEADER 00000nam a2200000 i 4500
001 1/93646
008 080911s2000 eng d
020 |a 0-7923-4735-8 
035 |l 10100062 
040 |a GR-MY-UA  |b gre  |e aacr 
041 0 |a eng 
082 0 |a 579.3917  |2 (22) 
245 1 4 |a The ecology of cyanobacteria :  |b their diversity in time and space /  |c edited by Brian A. Whitton, Malcolm Potts 
260 |a Dordrecht :   |b Kluwer Academic,   |c 2000 
300 |a xvii, 669 σ.;  |b πίν., σχ., διαγρ.;  |c 26,5 εκ. 
504 |a Περιέχει βιβλιογραφικές αναφορές 
504 |a Ευρετήριο: σ. 633-669 
650 0 0 |a Cyanobacteria  |x Ecology. 
700 1 |a Whitton, B. A.  |4 edt 
700 1 |a Potts, Malcolm. 
852 |a INST  |b LESVOS  |e 20080911  |h 579.3917 ECO  |p 005100042888  |q 005100042888  |t BK  |y 0 
901 |a BIBL1-2008-3 
909 |a Λ  |b 144715 
922 |a 1ΕΛΗ  |b 200801  |c ΕΠΕΑΕΚ2/ΤΕΘ  |d ΠΑΠΑΣΩΤΗΡΙΟΥ 
970 |a ΧΑΤΖΗΜΙΧΑΗΛ  |b ΜΑΡΙΑ  |z 2008/09/11